Gentilé des Villes de France - Statistiques

Statistiques générales
  • Ce quiz a été pris 306 fois
  • Le résultat moyen est 18 sur 20
Statistiques - réponses
Ville Gentilé % Correct
Lyon Lyonnais
100%
Marseille Marseillais
100%
Lille Lillois
99%
Nice Niçois
99%
Dijon Dijonnais
98%
Nantes Nantais
97%
Strasbourg Strasbourgeois
97%
Bordeaux Bordelais
96%
Brest Brestois
96%
Rennes Rennais
96%
Toulon Toulonnais
96%
Paris Parisiens
95%
Toulouse Toulousains
95%
Montpellier Montpelliérains
87%
Narbonne Narbonnais
87%
Orléans Orléanais
86%
Saint-Étienne Stéphanois
83%
Dieppe Dieppois
76%
Tours Tourangeaux
49%
Bourges Berruyers
22%
Aucun quiz correspondant
Distribution des résultats
% des personnes avec chaque résultat
Percentile par nombre de réponses
Votre historique - résultats
Vous n’avez pas pris ce quiz